| 000 | 00607nam a2200217 a 4500 | ||
|---|---|---|---|
| 999 |
_c874 _d874 |
||
| 001 | 874 | ||
| 003 | BD-JhCC | ||
| 005 | 20171012093135.0 | ||
| 008 | 171010s1356 ib p|||| |||| 00| 0 ben d | ||
| 035 | _a(BD-JhCC) 874 | ||
| 040 |
_aBD-JhCC _dBD-JhCC |
||
| 041 | _aben | ||
| 082 |
_a891.4435 _bGUS 1356 |
||
| 100 | _aঘোষ, সুবোধ | ||
| 245 |
_aশ্রেষ্ঠ গল্প / _cসুবোধ ঘোষ |
||
| 260 |
_aকলিকাতা ; _bপ্রকাশভবন _c1356 |
||
| 300 |
_a252 p. : _bill, _c21 cm |
||
| 650 | _aBengali Short Story | ||
| 942 |
_2ddc _cBK |
||